000 00438nam a2200157Ia 4500
999 _c33780
_d33780
003 OSt
005 20201014110250.0
008 190216s9999||||xx |||||||||||||| ||und||
040 _coclc
082 _a110
_bTAY/E
100 _aTaylor, A E
_95697
245 0 _aElements Of Metaphysics /
_cA E Taylor
260 _bSurjeet Publications,
_c2001.
_aDelhi:
300 _a419p
942 _cBK
_2ddc
_h110
_iTAY/E
_k110
_mTAY/E